Glosario jurd̕ico latino

Bibliographic Details
Main Author: Ochoa del Ro̕, Jos ̌Augusto
Format: eBook
Language:Spanish
Published: Barcelona : Editorial vLex, 2013
Subjects:
Online Access:http://www.vlex.com/source/11232

MARC

LEADER 00000nam a22000007a 4500
005 20130606190121.0
007 cr|||| ||||
008 130606e2013 sp |||||s|||| 00||0 spa d
020 |a 978-84-693-1677-1 
035 |a 11232 
040 |a vLex 
090 |c 4285  |d 4285 
100 1 0 |a Ochoa del Ro̕, Jos ̌Augusto 
245 1 0 |a Glosario jurd̕ico latino  |c / Jos ̌Augusto Ochoa del Ro̕   |h [Recurso electrn̤ico]  
256 |a Servicio en ln̕ea 
260 |a Barcelona :  |b Editorial vLex,   |c 2013 
300 |a 1 Recurso electrn̤ico 
506 |d vLex Global  |d vLex Global (Academic Edition, excluding Law Schools)  |d vLex Global (U.S. Academic Edition, Law Schools)  |d vLex Global (U.S. Academic Edition, excluding Law Schools)  |d vLex Global (Academic Edition, Law Schools)  |a Contenido solo disponible en los productos indicados 
650 4 |a Derecho  |v Diccionarios 
740 |a vLex Libros (Servicio en ln̕ea) 
856 |a Acceso restringido  |u http://www.vlex.com/source/11232 
942 |c BOOK 
999 0 |a Law